书目信息 |
| 题名: |
外婆的道歉信
|
|
| 作者: | 巴克曼 著 ;孟汇一 译 | |
| 分册: | ||
| 出版信息: | 天津 天津人民出版社 2017.05 |
|
| 页数: | 344页 | |
| 开本: | 20cm | |
| 丛书名: | 弗雷德里克·巴克曼作品 | |
| 单 册: | ||
| 中图分类: | I532.45 | |
| 科图分类: | ||
| 主题词: | 长篇小说--chang pian xiao shuo--瑞典--现代 | |
| 电子资源: | ||
| ISBN: | 978-7-201-11669-3 | |
| 000 | 01109nam 2200289 450 | |
| 001 | 2061606760 | |
| 005 | 20201106170655.21 | |
| 010 | @a978-7-201-11669-3@dCNY42.00 | |
| 100 | @a20170605d2017 em y0chiy50 ea | |
| 101 | 1 | @achi@cswe |
| 102 | @aCN@b120000 | |
| 105 | @ay z 000ay | |
| 200 | 1 | @a外婆的道歉信@Awai po de dao qian xin@f(瑞典) 弗雷德里克·巴克曼著@g孟汇一译 |
| 210 | @a天津@c天津人民出版社@d2017.05 | |
| 215 | @a344页@d20cm | |
| 225 | 2 | @a弗雷德里克·巴克曼作品@Afu lei de li ke · ba ke man zuo pin |
| 312 | @a瑞典文题名取自封面 | |
| 314 | @a弗雷德里克·巴克曼, 1981年出生于瑞典赫尔辛堡, 以撰写博客和专栏起家。 | |
| 330 | @a每个七岁的小孩都应该拥有一位超级英雄。这是毋庸置疑的事实。所有不同意的人都需要去检查一下脑袋有没有毛病…… | |
| 410 | 0 | @12001 @a弗雷德里克·巴克曼作品 |
| 500 | 10 | @aMin mormor halsar och sager forlat@mChinese |
| 606 | 0 | @a长篇小说@Achang pian xiao shuo@y瑞典@z现代 |
| 690 | @aI532.45@v5 | |
| 701 | 1 | @a巴克曼@Aba ke man@g(Backman, Fredrik)@4著 |
| 702 | 0 | @a孟汇一@Ameng hui yi@4译 |
| 801 | 0 | @aCN@b人天书店@c20201024 |
| 905 | @aZUCC@dI532.45@eB044 | |
| 外婆的道歉信/(瑞典) 弗雷德里克·巴克曼著/孟汇一译.-天津:天津人民出版社,2017.05 |
| 344页;20cm.-(弗雷德里克·巴克曼作品) |
| ISBN 978-7-201-11669-3:CNY42.00 |
| 每个七岁的小孩都应该拥有一位超级英雄。这是毋庸置疑的事实。所有不同意的人都需要去检查一下脑袋有没有毛病…… |
| ● |
| 相关链接 |
|
|
|
正题名:外婆的道歉信
索取号:I532.45/B044
 
预约/预借
| 序号 | 登录号 | 条形码 | 馆藏地/架位号 | 状态 | 备注 |
| 1 | 1483287 | 214832877 | 文学库116/116文学库 18排3列5层/ [索取号:I532.45/B044] | 在馆 | |
| 2 | 1483288 | 214832886 | 文学库116/116文学库 18排3列5层/ [索取号:I532.45/B044] | 在馆 | |
| 3 | 1483289 | 214832895 | 文学库116/116文学库 18排3列5层/ [索取号:I532.45/B044] | 在馆 |